Sinopsis estadística (Registro nro. 2073)

Detalles MARC
000 -LEADER
fixed length control field 00748 a2200205 4500
001 - CONTROL NUMBER
control field 30255
005 - DATE AND TIME OF LATEST TRANSACTION
control field 20260407155614.0
008 - FIXED-LENGTH DATA ELEMENTS--GENERAL INFORMATION
fixed length control field 260407a1999 arg spa d
003 - CONTROL NUMBER IDENTIFIER
control field AR-UNSa-BCEJYS
040 ## - CATALOGING SOURCE
Original cataloging agency AR-UNSa-BCEJYS
Language of cataloging spa
Transcribing agency AR-UNSa-BCEJYS
080 ## - UNIVERSAL DECIMAL CLASSIFICATION NUMBER
Universal Decimal Classification number 311.3
Common auxiliary subdivision Organización general de las estadisticas. Estadística oficial
041 ## - LANGUAGE CODE
Language code of text/sound track or separate title spa
100 1# - MAIN ENTRY--PERSONAL NAME
Personal name Instituto Nacional de Estadística y Censos (INDEC)
245 10 - TITLE STATEMENT
Title Sinopsis estadística
Number of part/section of a work Statistical Synopsis
Name of part/section of a work 1999
264 #1 - PRODUCTION, PUBLICATION, DISTRIBUTION, MANUFACTURE, AND COPYRIGHT NOTICE
Place of production, publication, distribution, manufacture Buenos Aires :
Name of producer, publisher, distributor, manufacturer INDEC
Date of production, publication, distribution, manufacture, or copyright notice 1999
300 ## - PHYSICAL DESCRIPTION
Extent 53 p.
Dimensions 21 cm.
590 ## - LOCAL NOTE (RLIN)
Local note niveau_biblio:m niveau_hierar:0
856 41 - ELECTRONIC LOCATION AND ACCESS
Uniform Resource Identifier <a href="https://biblioeco.unsa.edu.ar/pmb/images/revistas/Sinopsis Estadistica 1999-d00018.jpg">https://biblioeco.unsa.edu.ar/pmb/images/revistas/Sinopsis Estadistica 1999-d00018.jpg</a>
Link text Imagen de portada
Electronic format type image/jpeg
942 ## - ADDED ENTRY ELEMENTS (KOHA)
Koha item type
Existencias
Withdrawn status Lost status Damaged status Not for loan Home library Current library Shelving location Date acquired Total checkouts Full call number Barcode Date last seen Price effective from Koha item type
        Biblioteca Prof. Eusebio Cleto del Rey Biblioteca Prof. Eusebio Cleto del Rey   07/04/2026   D311.3 I59s/99 Ej.1 D00018 07/04/2026 07/04/2026 Libro